Encyklopedický slovník

Bibliographic Details
Format: Book
Language:Czech
PhysicalDescription:1253 s. viaz.
Published: Praha Odeon 1993
ISBN:8020704388 (viaz.)
Edition:1. vyd.
Series:Klub čtenářů
Subjects:

MARC

LEADER 00000nam a2200000 a 4500
001 vtls009097778
003 SK-MaSNL
005 20260302005410.0
008 251029s1993 xo cze
020 |a 8020704388 (viaz.)  |c 250.00 
035 |a SKPK3336 
040 |a SNK  |b slo  |c SNK  |e AACR2 
041 0 |a cze 
080 |a 801.3(084.1)  |2 1981 
080 |a 03  |2 1981 
245 |a Encyklopedický slovník 
250 |a 1. vyd. 
260 |a Praha  |b Odeon  |c 1993 
300 |a 1253 s. viaz. 
490 1 |a Klub čtenářů  |v Zv. 679 
650 0 7 |a slovníky  |2 SKPK  |9 75778 
655 7 |a encyklopédie  |2 SKPK  |9 28776 
830 0 |a Klub čtenářů  |9 280615 
919 |a 80-207-0438-8 
999 |c 999321  |d 1001251 
952 |t P66, <07>, [BOOK], {667}  |a SNK  |b SNK  |y VYP  |7 0  |p 17A0296445  |o snkIC 123777   |i snkV 710/94  |0 0  |1 0  |4 0  |d 2002-01-09  |l 0  |r 2005-01-01 00:00:00  |w 2026-02-24